<?xml version="1.0" encoding="UTF-8"?>
<collection xmlns="http://www.loc.gov/MARC21/slim">
 <record>
  <leader>00606pamaa2200169   4500</leader>
  <controlfield tag="001">0000034162</controlfield>
  <controlfield tag="005">20090218090000.0</controlfield>
  <datafield tag="020" ind1="0" ind2="0">
   <subfield code="a">0784405689 </subfield>
  </datafield>
  <datafield tag="082" ind1=" " ind2=" ">
   <subfield code="a">624.15136 ELT 2001</subfield>
  </datafield>
  <datafield tag="090" ind1="0" ind2="0">
   <subfield code="a">TA710 </subfield>
   <subfield code="b">ELT 2001</subfield>
  </datafield>
  <datafield tag="100" ind1="1" ind2="0">
   <subfield code="a">Elton </subfield>
  </datafield>
  <datafield tag="245" ind1="1" ind2="0">
   <subfield code="a">Geotechnical special publication no. 114 : </subfield>
   <subfield code="b">soils magic  </subfield>
   <subfield code="c">David J Elton.</subfield>
  </datafield>
  <datafield tag="260" ind1="0" ind2="0">
   <subfield code="a">Virginia: </subfield>
   <subfield code="b">American Society of Civil Engineers, </subfield>
   <subfield code="c">2001.</subfield>
  </datafield>
  <datafield tag="300" ind1=" " ind2=" ">
   <subfield code="a">x, 60p.: </subfield>
   <subfield code="b">ill.; </subfield>
   <subfield code="c">22cm.</subfield>
  </datafield>
  <datafield tag="440" ind1="0" ind2="0">
   <subfield code="a">Geotechnical  special publication: no.114</subfield>
  </datafield>
  <datafield tag="500" ind1="0" ind2="0">
   <subfield code="a">Includes 1 CD-ROM titled &quot; Geotechnical Special Publication No.114 Soils Magic &quot;</subfield>
  </datafield>
  <datafield tag="650" ind1="0" ind2="0">
   <subfield code="a">Soil mechanics -- </subfield>
   <subfield code="x">Experiments </subfield>
  </datafield>
 </record>
</collection>
